书目信息 |
| 题名: |
油气库站设计与建设
|
|
| 作者: | 康勇 编著 | |
| 分册: | ||
| 出版信息: | 北京 中国石化出版社 2010.08 |
|
| 页数: | 462页 | |
| 开本: | 26cm | |
| 丛书名: | ||
| 单 册: | ||
| 中图分类: | TU249.6 | |
| 科图分类: | ||
| 主题词: | 油库--建筑设计 , 加油站--建筑设计 , 油库 , 建筑设计 , 加油站 | |
| 电子资源: | ||
| ISBN: | 978-7-5114-0435-0 | |
| 000 | 00864nam0 2200277 450 | |
| 001 | 010020005713 | |
| 005 | 20130701094535.32 | |
| 010 | @a978-7-5114-0435-0@dCNY75.00 | |
| 100 | @a20100909d2010 em y0chiy0110 ea | |
| 101 | 0 | @achi |
| 102 | @aCN@b110000 | |
| 105 | @aak z 000yy | |
| 106 | @ar | |
| 200 | 1 | @a油气库站设计与建设@9you qi ku zhan she ji yu jian she@f康勇编著 |
| 210 | @a北京@c中国石化出版社@d2010.08 | |
| 215 | @a462页@c图@d26cm | |
| 330 | @本书内容包括:油库概况及总图设计、油气输送设施的设计与建设、油气储存设施的设计与建设、加油加气站的设计与建设、特殊环境气库的设计与建设等。 | |
| 606 | 0 | @a油库@x建筑设计 |
| 606 | 0 | @a加油站@x建筑设计 |
| 606 | 0 | @a油库 |
| 606 | 0 | @a建筑设计 |
| 606 | 0 | @a加油站 |
| 690 | @aTU249.6@v4 | |
| 701 | 0 | @a康勇@9kang yong@4编著 |
| 801 | 0 | @aCN@bRENTIAN@c20100909 |
| 905 | @b544935-36@dTU249.6@e642@f2 | |
| 油气库站设计与建设/康勇编著.-北京:中国石化出版社,2010.08 |
| 462页:图;26cm |
| ISBN 978-7-5114-0435-0:CNY75.00 |
| ● |
| 相关链接 |
|
|
|
|
正题名:油气库站设计与建设
索取号:TU249.6/642
 
预约/预借
| 序号 | 登录号 | 条形码 | 馆藏地/架位号 | 状态 | 备注 |
| 1 | 544935 | 205449353 | 第二样本阅览室/ [索取号:TU249.6/642] | 在馆 | |
| 2 | 544936 | 205449362 | 第三借阅区/ [索取号:TU249.6/642] | 在馆 |